000 00879nas a2200277 4500
001 BR8711917
003 BR-BrBNA
005 20231205091011.0
007 ta
008 230509b bl.|||p| |||| 00| 00por d
040 _aBR-BrBNA
_bpor
_cBiblioteca Nacional de Agricultura
041 _a(Pt)
072 _aF04
100 1 _aCervellini, G. da S.
100 1 _aToledo, S.V. de
100 1 _aReis, A.J.
100 1 _aRocha, T.R.
245 1 _aNitrogenio na adubacao quimica do cafeeiro: doses e parcelamentos do nitrocalcio
246 1 _aNitrogen fertilizer for coffee, rates and splitted applications of lime ammonium nitrate
650 _aCAFE
650 _aFERTILIZANTE NITROGENADO
650 _aADUBACAO
773 0 _tBragantia (Brazil)
_xISSN 0006-8705
_g(1986), v. 45(1) p. 45-55
_wBR8711917
909 _a202311
_bLúcia
_c55
_dLúcia Elande
942 _2AGRIS
_n0
_cANA
999 _c122139
_d122139